<?xml version="1.0" encoding="UTF-8"?>
<record
    xmlns:xsi="http://www.w3.org/2001/XMLSchema-instance"
    xsi:schemaLocation="http://www.loc.gov/MARC21/slim http://www.loc.gov/standards/marcxml/schema/MARC21slim.xsd"
    xmlns="http://www.loc.gov/MARC21/slim">

  <leader>01154nam a22002657a 4500</leader>
  <controlfield tag="003">OSt</controlfield>
  <controlfield tag="005">20210323142123.0</controlfield>
  <controlfield tag="008">210323b2011    ck ao||gr|||| 00| 0 spa d</controlfield>
  <datafield tag="040" ind1=" " ind2=" ">
    <subfield code="a">CO-JMCR</subfield>
    <subfield code="c">CO-JMCR</subfield>
  </datafield>
  <datafield tag="041" ind1="0" ind2=" ">
    <subfield code="a">spa</subfield>
  </datafield>
  <datafield tag="082" ind1="0" ind2="4">
    <subfield code="a">333.8232 / </subfield>
    <subfield code="b">U762C</subfield>
    <subfield code="2">23</subfield>
  </datafield>
  <datafield tag="100" ind1="1" ind2=" ">
    <subfield code="a">Uribe Hurtado, Cristina, </subfield>
    <subfield code="e">autora </subfield>
    <subfield code="9">36165</subfield>
  </datafield>
  <datafield tag="245" ind1="1" ind2="0">
    <subfield code="a">Ca&#xF1;o lim&#xF3;n : </subfield>
    <subfield code="b">canto al fuego / </subfield>
    <subfield code="c">Cristina Uribe Hurtado ; pr&#xF3;logo Rodolfo Segovia Salas ; texto Jorge Nel Navea Hidalgo.</subfield>
  </datafield>
  <datafield tag="250" ind1=" " ind2=" ">
    <subfield code="a">Primera edici&#xF3;n </subfield>
  </datafield>
  <datafield tag="260" ind1=" " ind2=" ">
    <subfield code="a">Bogot&#xE1; : </subfield>
    <subfield code="b">Occidental de Colombia, </subfield>
    <subfield code="c">2011.</subfield>
  </datafield>
  <datafield tag="300" ind1=" " ind2=" ">
    <subfield code="a">240 p&#xE1;ginas : </subfield>
    <subfield code="b">ilustraciones y fotograf&#xED;as en color ; </subfield>
    <subfield code="c">32 cm.</subfield>
  </datafield>
  <datafield tag="505" ind1="0" ind2=" ">
    <subfield code="a">Hombre y poblados -- Hombre y sabana -- Hombre y tierra -- Hombre y R&#xED;o -- Hombre y cultura -- Hombre y petr&#xF3;leo </subfield>
  </datafield>
  <datafield tag="650" ind1="2" ind2="4">
    <subfield code="a">Ganader&#xED;a </subfield>
    <subfield code="z">Arauca (Colombia)</subfield>
    <subfield code="9">36449</subfield>
  </datafield>
  <datafield tag="650" ind1="2" ind2="4">
    <subfield code="a">Ca&#xF1;o Lim&#xF3;n </subfield>
    <subfield code="x">Fotograf&#xED;as</subfield>
    <subfield code="z">(Arauca, Colombia)</subfield>
    <subfield code="9">36450</subfield>
  </datafield>
  <datafield tag="650" ind1="2" ind2="4">
    <subfield code="a">Ca&#xF1;o Lim&#xF3;n</subfield>
    <subfield code="x">Historia</subfield>
    <subfield code="z">(Arauca, Colombia)</subfield>
    <subfield code="9">36451</subfield>
  </datafield>
  <datafield tag="650" ind1="2" ind2="4">
    <subfield code="a">Vida social y costumbres </subfield>
    <subfield code="z">Arauca (Colombia)</subfield>
    <subfield code="9">36452</subfield>
  </datafield>
  <datafield tag="700" ind1="1" ind2=" ">
    <subfield code="a">Segovia Salas, Rodolfo, </subfield>
    <subfield code="e">prologuista </subfield>
    <subfield code="9">7247</subfield>
  </datafield>
  <datafield tag="700" ind1="1" ind2=" ">
    <subfield code="a">Navea Hidalgo, Jorge Nel, </subfield>
    <subfield code="e">autora</subfield>
    <subfield code="9">36453</subfield>
  </datafield>
  <datafield tag="942" ind1=" " ind2=" ">
    <subfield code="2">ddc</subfield>
    <subfield code="c">BK</subfield>
  </datafield>
  <datafield tag="999" ind1=" " ind2=" ">
    <subfield code="c">15469</subfield>
    <subfield code="d">15469</subfield>
  </datafield>
  <datafield tag="952" ind1=" " ind2=" ">
    <subfield code="0">0</subfield>
    <subfield code="1">0</subfield>
    <subfield code="2">ddc</subfield>
    <subfield code="4">0</subfield>
    <subfield code="7">0</subfield>
    <subfield code="a">CPL</subfield>
    <subfield code="b">CPL</subfield>
    <subfield code="c">GEN</subfield>
    <subfield code="d">0000-00-00</subfield>
    <subfield code="e">Donaci&#xF3;n</subfield>
    <subfield code="l">1</subfield>
    <subfield code="o">333.8232 / U762c</subfield>
    <subfield code="p">201810968</subfield>
    <subfield code="r">2026-03-10 11:35:28</subfield>
    <subfield code="s">2026-03-10</subfield>
    <subfield code="t">Ej.1</subfield>
    <subfield code="w">0000-00-00</subfield>
    <subfield code="y">BK</subfield>
  </datafield>
</record>
